000
00286nam a2200097Ia 4500
001
647275
005
20250826153659.0
008
250824s9999 xx 000 0 und d
245
0
_a
PROFESÖR KİP İLE TÜRKÇE 2 TARİFSİZ BİR ALIŞVERİŞ
_c
BİRSEN EKİM ÖZEN
260
_b
TİMAŞ ÇOCUK
999
_c
647275
_d
647275